Statistics for Second Largest Country/Territory by UN Subregions

Click here to take the quiz!

General Stats

  • This quiz has been taken 22 times
  • The average score is 15 of 22

Answer Stats

UN SubregionLargestSecond Largest% Correct
Australia and New ZealandAustraliaNew Zealand
95%
Northern AmericaUSACanada
90%
CaribbeanCubaHaiti
85%
Eastern EuropeRussiaUkraine
85%
Northern AfricaEgyptAlgeria
80%
Central AmericaMexicoGuatemala
80%
Eastern AsiaChinaJapan
75%
Central AsiaUzbekistanKazakhstan
75%
Southern AsiaIndiaPakistan
75%
Northern EuropeUKSweden
75%
Western AsiaTurkeyIraq
70%
Eastern AfricaEthiopiaTanzania
70%
South AmericaBrazilColombia
65%
Western EuropeGermanyFrance
65%
Southeastern AsiaIndonesiaPhilippines
65%
MelanesiaPapua New GuineaFiji
55%
Southern AfricaSouth AfricaNamibia
55%
Southern EuropeItalySpain
50%
Middle AfricaDR CongoAngola
45%
Western AfricaNigeriaGhana
45%
MicronesiaGuamKiribati
45%
PolynesiaFrench PolynesiaSamoa
45%

Score Distribution

Percentile by Number Answered

Percent of People with Each Score

Your Score History

You have not taken this quiz